000 00702nam a22002177a 4500
003 UA-OsUOA
001 74503
007 ta
008 20110411b un ||||| |||| 00| 0 ukr d
100 _aВерховод І.
090 _a330(477)
_bВ36
942 _cSA
040 _aUA-OsUOA
_bukr
_cUA-OsUOA
_dUA-OsUOA
245 _aСтруктурні зрушення зайнятості населення України в контексті соціалізації сфери праці
300 _aС.18-31
955 _a0
041 _aukr
080 _a330(477)
773 0 _w74500
_tУкраїна: аспекти праці
_dК.
_d2011
_g2
650 7 _a330 Економіка взагалі
_2UDC
999 _c360794
_d360794